Atahuallpa / (Record no. 6380)

000 -CABECERA
fixed length control field 00866nam a22002417a 4500
003 - IDENTIFICADOR DEL NÚMERO DE CONTROL
control field AR-CdUCM
008 - DATOS DE LONGITUD FIJA--INFORMACIÓN GENERAL
fixed length control field 190315b ||||| |||| 00| 0 spa d
040 ## - FUENTE DE LA CATALOGACIÓN
Agencia/entidad que catalogó originalmente la obra MUNICIPALIDAD PROVINCIAL DEL CUSCO
Entidad que transcribió la catalogación BIBLIOTECA MUNICIPAL DEL CUSCO
082 ## - NÚMERO DE LA CLASIFICACIÓN DECIMAL DEWEY
No. de Clasificación 985.019 /
Notacion interna C31
100 ## - ENTRADA PRINCIPAL--NOMBRE DE PERSONA
Nombre Personal Carrión, Benjamín
245 ## - MENCIÓN DE TÍTULO
Título Atahuallpa /
260 ## - PUBLICACIÓN, DISTRIBUCIÓN, ETC.
Lugar de publicación, distribución, etc. Quito :
Nombre de la editorial, distribuidor, etc. Publicaciones educativas Ariel,
300 ## - DESCRIPCIÓN FÍSICA
Nº de Páginas Extensión 196 paginas ;
Dimensiones 18 cm.
440 ## - MENCIÓN DE SERIE/PUNTO DE ACCESO ADICIONAL--TÍTULO
Título Clasicos ARIEL
9 (RLIN) 18177
505 ## - NOTA DE CONTENIDO CON FORMATO
Nota de contenido formateada Contenido :Huayna -Capac el grande --El intip-raymi --La profecia de Viracocha --El viaje final --Esos hombres blancos y barbudos --La división del imperio --Huascar y Atahuallpa ...
650 ## - PUNTO DE ACCESO ADICIONAL DE MATERIA--TÉRMINO DE MATERIA
Descriptor Época Prehispánica
9 (RLIN) 2714
650 ## - PUNTO DE ACCESO ADICIONAL DE MATERIA--TÉRMINO DE MATERIA
Descriptor Historia
9 (RLIN) 136
650 ## - PUNTO DE ACCESO ADICIONAL DE MATERIA--TÉRMINO DE MATERIA
Descriptor Ecuador
9 (RLIN) 10121
650 ## - PUNTO DE ACCESO ADICIONAL DE MATERIA--TÉRMINO DE MATERIA
Descriptor Perú
9 (RLIN) 35
942 ## - ELEMENTOS DE PUNTO DE ACCESO ADICIONAL (KOHA)
Fuente de clasificación
Tipo de item Libros-BMC
945 ## - PROCESAMIENTO DE INFORMACIÓN LOCAL (OCLC)
Catalogador rjall
Holdings
Estado de retiro (separado) Fuente de clasificación o esquema de estanterías Estado dañado Ubicación Sala donde se ubica Nombre de la colección Fecha de adquisición o compra Costo, precio normal en soles Signatura topográfica Código de Barras Última vez visto (Koha) Tipo de ítem (Koha)
No     Sala Humanidades Sala Humanidades Book Cart 2019-03-15 15.00 985.019 / C31 SH0000006798 2019-03-15 Libros-BMC

Powered by Koha